| 000 | 01513nam0a2200289 i 4500 | ||
|---|---|---|---|
| 001 | RU\NLR\bibl\837891 | ||
| 005 | 20240725205140.0 | ||
| 035 | _a(NLR Aleph) 000826722 | ||
| 090 |
_a1335175 _c1335175 |
||
| 100 | _a20050908d2004 |||y0rusy50 ca | ||
| 101 | 0 | _arus | |
| 102 | _aRU | ||
| 105 | _ay dm ||||| | ||
| 135 | _acrgn 008aaaba | ||
| 200 | 1 |
_aОрганизационно-правовые основы деятельности народного комиссариата по иностранным делам (1917-1941 гг.) _e(Историко-правовой аспект) _eавтореф. дис. на соиск. учен. степ. к.ю.н. _eспец. 12.00.01 _fСидорова Галина Геннадьевна _gС.-петерб. ун-т МВД России |
|
| 210 |
_aСанкт-Петербург _cб.и. _d2004 |
||
| 215 |
_a25 с. _d21 |
||
| 320 | _aБиблиогр.: с.24-25 (6 назв.) | ||
| 325 | _aКопия доступна в Электрон. б-ке РНБ | ||
| 686 |
_a12.00.01 _2oksvnk |
||
| 700 | 1 |
_aСидорова _bГ. Г. _gГалина Геннадьевна _4070 |
|
| 801 | 0 |
_aRU _bNLR _c20050908 _grcr |
|
| 801 | 1 |
_aRU _bNLR _c20050908 |
|
| 942 | _cBOOK | ||
| 981 | 1 | 0 |
_a(10) Авторефераты _b(10) 12.00.00 Юридические науки _b12.00.01 Теория и история права и государства; история учений о праве и государстве |